Najlepsi Brazylijscy piłkarze 2024/2025 - Statystyki

Ogólne statystyki
  • Ten quiz został rozwiązany 26 razy
  • Średni wynik to 17 z 50
Statystyki odpowiedzi
KLUB PIŁKARZ % Poprawnych
Real Madryt Vinicius Junior
88%
Arsenal Gabriel Martinelli
84%
Real Madryt Rodrygo
80%
Atalanta Ederson
76%
Liverpool Alisson
72%
Arsenal Gabriel Jesus
72%
Tottenham Richarlison
68%
Real Madryt Eder Militao
64%
Barcelona Raphinha
64%
Real Madryt Endrick
52%
Newcastle Bruno Guimaraes
48%
Chelsea Estevao
48%
Al-Hilal Malcom
48%
PSG Marquinhos
48%
Real Betis Antony
44%
Juventus Bremer
44%
Arsenal Gabriel Magalhaes
44%
Borussia Dortmund Yan Couto
44%
Napoli David Neres
40%
West Ham Lucas Paqueta
40%
Inter Mediolan Carlos Augusto
36%
Brentford Igor Thiago
36%
Nottingham Forest Murillo
36%
Chelsea Andrey Santos
32%
Nottingham Forest Douglas Luiz
32%
Newcastle Joelinton
32%
Manchester United Matheus Cunha
32%
PSG Lucas Beraldo
28%
Manchester City Savinho
28%
Fiorentina Dodo
24%
Bournemouth Evanilson
24%
Inter Mediolan Luis Henrique
24%
Zenit Petersburg Luiz Henrique
24%
AS Roma Wesley
24%
Galatasaray Gabriel Sara
20%
Chelsea Joao Pedro
20%
Wolverhampton Joao Gomes
16%
Botafogo Danilo
12%
Flamengo Pedro
12%
RB Lipsk Romulo
12%
Girona Vitor Reis
12%
Wolverhampton Andre
8%
Al-Ahli Galeno
8%
Zenit Petersburg Gerson
4%
Olympique Marsylia Igor Paixao
4%
Fulham Kevin
4%
Porto Pepe
4%
Flamengo Samuel Lino
4%
Corinthias Yuri Alberto
4%
Fulham Rodrigo Muniz
0%
Nie znaleziono quizów pasujących do podanych kryteriów
Rozkład punktacji
Procent ludzi z każdym wynikiem
Percentyl według liczby udzielonych odpowiedzi
Twoja historia wyników
Nie rozwiązałeś tego quizu